The complete guide to facilities management (Record no. 104821)

MARC details
000 -LEADER
fixed length control field 01369camia22002535a 4500
001 - CONTROL NUMBER
control field ##L131745
008 - FIXED-LENGTH DATA ELEMENTS--GENERAL INFORMATION
fixed length control field 051205c2003 xxkff l e 000 0 eng d
020 ## - INTERNATIONAL STANDARD BOOK NUMBER
International Standard Book Number 9781845928469
020 ## - INTERNATIONAL STANDARD BOOK NUMBER
International Standard Book Number 184592/8466
-- 9781845928469
035 ## - SYSTEM CONTROL NUMBER
System control number (Sirsi) u131745
041 0# - LANGUAGE CODE
Language code of text/sound track or separate title eng
050 04 - LIBRARY OF CONGRESS CALL NUMBER
Classification number 658.2 $2 18
245 04 - TITLE STATEMENT
Title The complete guide to facilities management
260 ## - PUBLICATION, DISTRIBUTION, ETC.
Place of publication, distribution, etc. Haywards Heath
Name of publisher, distributor, etc. Tottel Publishing
Date of publication, distribution, etc. 2003
300 ## - PHYSICAL DESCRIPTION
Extent xv, c1000p
Dimensions 24cm
Type of unit looseleaf
350 ## - PRICE (NR) (BK AM CF MU VM SE) [OBSOLETE]
Price 216.91
505 22 - FORMATTED CONTENTS NOTE
Formatted contents note Health and safety management -- Building services and maintenance -- Staff workplace facilities -- Front of house and customer care -- Cleaning and catering -- Fire safety and security -- Utilities -- Environmental management -- IT, telecoms and reprographics -- Outsourcing and contract management -- Construction projects -- Property and fleet management -- Business and finance
520 ## - SUMMARY, ETC.
Summary, etc. Contains up-to-date reference, compliance and best practice information. Case studies, case and statute law.
520 ## - SUMMARY, ETC.
Summary, etc. This looseleaf is up-to-date as at August 2009. We have cancelled our subscription and will remove this title from our collection when it becomes out-of-date. Please ask a member of staff for more details.
651 #4 - SUBJECT ADDED ENTRY--GEOGRAPHIC NAME
Geographic name England and Wales
Chronological subdivision 1543-
690 ## - LOCAL SUBJECT ADDED ENTRY--TOPICAL TERM (OCLC, RLIN)
Topical term or geographic name as entry element MANAGEMENT-FACILITIES MANAGEMENT
700 1# - ADDED ENTRY--PERSONAL NAME
Personal name Fielder, Ian R.
Relator term General Editor
942 ## - ADDED ENTRY ELEMENTS (KOHA)
Suppress in OPAC 0
Holdings
Withdrawn status Lost status Source of classification or shelving scheme Damaged status Not for loan Home library Current library Shelving location Date acquired Total Checkouts Full call number Barcode Date last seen Date last checked out Copy number Price effective from Koha item type
    Dewey Decimal Classification     London London Books 05/12/2005 23 658.2 FIE 30072728 06/08/2019 08/03/2010 1 06/08/2019 Book